书目信息 |
| 题名: |
竞争大未来
|
|
| 作者: | 哈梅尔 , 普拉哈拉德 著 ;王振西 译 | |
| 分册: | ||
| 出版信息: | 北京 昆仑出版社 1998.01 |
|
| 页数: | 311页 | |
| 开本: | 21cm | |
| 丛书名: | ||
| 单 册: | ||
| 中图分类: | F272.3 | |
| 科图分类: | ||
| 主题词: | 企业管理--经济战略 | |
| 电子资源: | ||
| ISBN: | 7-80040-307-6 | |
| 000 | 00739nam0 2200241 45 | |
| 001 | 012004000000 | |
| 005 | 20041013155159.43 | |
| 010 | @a7-80040-307-6@dCNY 16.50 | |
| 100 | @a20040713d1998 em y0chiy0121 ea | |
| 101 | 1 | @achi@ceng |
| 102 | @aCN@b110000 | |
| 105 | @ay z 000yy | |
| 200 | 1 | @a竞争大未来@Ajing zheng da wei lai@e企业发展战略@f(美)加里·哈梅尔, C.K.普拉哈拉德合著@g王振西译 |
| 210 | @a北京@c昆仑出版社@d1998.01 | |
| 215 | @a311页@d21cm | |
| 517 | 1 | @a企业发展战略 |
| 606 | 0 | @a企业管理@x经济战略 |
| 690 | @aF272.3@v4 | |
| 701 | 1 | @a哈梅尔@Aha mei er@b加里@4著 |
| 701 | 1 | @a普拉哈拉德@Apu la ha la de@bC. K.@4著 |
| 702 | 0 | @a王振西@Awang zhen xi@4译 |
| 801 | 0 | @aCN@bQSSK@c20041013 |
| 905 | @a10447@dF272.3@eJ210 | |
| 竞争大未来:企业发展战略/(美)加里·哈梅尔, C.K.普拉哈拉德合著/王振西译.-北京:昆仑出版社,1998.01 |
| 311页;21cm |
| ISBN 7-80040-307-6:CNY 16.50 |
| ● |
| 相关链接 |
|
|
|
正题名:竞争大未来
索取号:F272.3/J210
 
预约/预借
| 序号 | 登录号 | 条形码 | 馆藏地/架位号 | 状态 | 备注 |
| 1 | 420103 | 204201032 | 社科库409/409社科库 87排4列5层/ [索取号:F272.3/J210] | 在馆 | |
| 2 | 420104 | 204201041 | 社科库409/400B社科库 3排3列4层/ [索取号:F272.3/J210] | 在馆 | |
| 3 | 420105 | 204201050 | 社科库409/409社科库 87排4列5层/ [索取号:F272.3/J210] | 在馆 |